banner-ar

PRACTICAL CALLIGRAPHY / (Record no. 18835)

MARC details
000 -الفاتح
حقل البيانات ثابتة الطول 00429nam a2200181Ia 4500
008 - عناصر البيانات ثابتة الطول - معلومات عامة
حقل البيانات ثابتة الطول 140319s9999 xx 000 0 eng d
040 ## - مصدر الفهرسة
وكالة الفهرسة الأصلية GCL /
وكالة النسخ GCL
082 04 - رقم تصنيف ديوى العشرى
رقم التصنيف 745,6
رقم المادة N P
100 1# - المدخل الرئيسى - إسم شخصى
الإسم الشخصى NASH, JOHN
245 10 - بيان العنوان
العنوان PRACTICAL CALLIGRAPHY /
بيان المسئوليه,etc NASH, JOHN
700 1# - المدخل الاضافى - اسم شخصى
الإسم الشخصى FLEUSS, GEROLD
260 ## - PUBLICATION, DISTRIBUTION, ETC. (IMPRINT)
تاريخ النشر أو التوزيع 1992
300 ## - الوصف المادى
التعداد 144 PP
650 04 - المدخل الاضافى بالموضوع-مصطلح موضوعى
مصطلح موضوعي ARTS
650 04 - المدخل الاضافى بالموضوع-مصطلح موضوعى
مصطلح موضوعي CALLIGRAPHY
942 ## - عناصر المدخل الإضافي( كوها)
مصدر التصنيف او مخطط الترفيف Dewey Decimal Classification
Koha [default] item type كتاب
260 ## - PUBLICATION, DISTRIBUTION, ETC. (IMPRINT)
-- [S.N] :
-- HANLYN ،
Holdings
حالة التراجع حالة الفقد حالة تلف ليس للاعارة المكان المؤقت الموقع الحالى تاريخ الاكتساب اجمالي اﻻعارات رقم الطلب الباركود تاريخ اخر مشاهدة تاريخ تفعيل السعر نوع وعاء كوها
        مكتبة القاهرة الكبرى مكتبة القاهرة الكبرى 03/26/2014   745,6\N P 35951 03/26/2014 03/26/2014 كتاب

Powered By

EGPV